000 00327nam a22001337a 4500
008 210521b ||||| |||| 00| 0 eng d
041 _aeng
080 _a316
082 _a316
100 _a50
101 _aSOC
245 _aFemale Power and Male Dominace On the Origins of sexual inequality
_cSanday,P.R
942 _2udc
_cBK
999 _c57590
_d57590